Countries Starting With "C" - Statistics

General Stats
  • This quiz has been taken 52 times
    43 since last reset
  • The average score is 9 of 15
Answer Stats
Countries % Correct
Canada
97%
China
84%
Colombia
75%
Chile
66%
Croatia
66%
Cambodia
63%
Czechia
63%
Cameroon
59%
Cuba
59%
Costa Rica
53%
Cyprus
50%
Central African Republic
47%
Cape Verde
44%
Comoros
41%
Chad
38%
No matching quizzes found
Score Distribution
Percent of People with Each Score
Percentile by Number Answered
Your Score History
You have not taken this quiz since the last reset